Normal view
MARC view
Entry Personal Name
001 - CONTROL NUMBER
- control field: 1051790
003 - CONTROL NUMBER IDENTIFIER
- control field: OSt
005 - DATE AND TIME OF LATEST TRANSACTION
- control field: 20260121165437.0
008 - FIXED-LENGTH DATA ELEMENTS
- fixed length control field: 260121|| aca||aabn | a|a d
040 ## - CATALOGING SOURCE
- Original cataloging agency: OSt
- Transcribing agency: OSt
100 ## - HEADING--PERSONAL NAME
- Personal name: David Kreps, Gordon Fletcher, Marie Griffiths
670 ## - SOURCE DATA FOUND
- Source citation: Work cat.: (OSt)1617515: David Kreps, Gordon Fletcher, Marie Griffiths, Technology and Intimacy: Choice or Coercion
